Soccer by Letter - B - Statistics

General Stats
  • This quiz has been taken 633 times
  • The average score is 10 of 20
Answer Stats
Hint Answer % Correct
2014 World Cup teams Brazil
89%
________ Dortmund, ________ M'Gladbach Borussia
86%
French and Real Madrid stiker Karim Benzema
84%
2014 World Cup teams Belgium
77%
Champions League Finale 2014-2015 Host Berlin
65%
Ivanovic's first name Branislav
55%
Argentina's best scorer Gabriel Batistuta
55%
FIFA President 1998-2015 Sepp Blatter
55%
Der Kaiser Franz Beckenbauer
51%
Real Madrid coach for 2015-2016 season Rafael Benitez
47%
2014 World Cup teams Bosnia-Herzegovina
46%
Paris SG's french coach and World Cup 1998 winner Laurent Blanc
44%
2014 World Cup Finale player Jérôme Boateng
38%
Most titled Belarusian club BATE Borivov
34%
Winner of the Ballon d'Or 1993 Roberto Baggio
26%
Bayer Leverkusen's stadium BayArena
25%
World Cup 1990 Host City Bologna
23%
World Cup 1990 Host City Bari
22%
2014 World Cup Finale player Lucas Biglia
16%
Harald Schumacher's victim during World Cup 1982 Patrick Battiston
15%
No matching quizzes found
Score Distribution
Percent of People with Each Score
Percentile by Number Answered
Your Score History
You have not taken this quiz